Ideal Chess/ (Record no. 201727)

MARC details
000 -LEADER
fixed length control field 00603nam a22002177a 4500
003 - CONTROL NUMBER IDENTIFIER
control field dpl
005 - DATE AND TIME OF LATEST TRANSACTION
control field 20240322113745.0
008 - FIXED-LENGTH DATA ELEMENTS--GENERAL INFORMATION
fixed length control field 240305b |||||||| |||| 00| 0 eng d
010 ## - LIBRARY OF CONGRESS CONTROL NUMBER
LC control number ENG-139900
020 ## - INTERNATIONAL STANDARD BOOK NUMBER
International Standard Book Number 9788192454313
Terms of availability 400.00
035 ## - SYSTEM CONTROL NUMBER
System control number EN-123432
037 ## - SOURCE OF ACQUISITION
Source of stock number/acquisition DBAD/PUB
040 ## - CATALOGING SOURCE
Transcribing agency .
082 ## - DEWEY DECIMAL CLASSIFICATION NUMBER
Classification number 794.124
100 ## - MAIN ENTRY--PERSONAL NAME
Personal name Sarkar,Asit
9 (RLIN) 62808
245 ## - TITLE STATEMENT
Title Ideal Chess/
Statement of responsibility, etc By Asit Sarkar
260 ## - PUBLICATION, DISTRIBUTION, ETC. (IMPRINT)
Place of publication, distribution, etc Kolkata
Name of publisher, distributor, etc Sharkar Dutta sandhya prokashan
Date of publication, distribution, etc 2011
270 ## - ADDRESS
Address 14/1, raja lane
City Kolkata
Postal code 700009
300 ## - PHYSICAL DESCRIPTION
Extent 379.Pages
Dimensions 23cm,(pbk)
942 ## - ADDED ENTRY ELEMENTS (KOHA)
Source of classification or shelving scheme Dewey Decimal Classification
Koha item type English Books
Classification part 794.124
Call number suffix Sar
Holdings
Withdrawn status Lost status Source of classification or shelving scheme Damaged status Not for loan Collection code Home library Current library Date acquired Source of acquisition Cost, normal purchase price Total Checkouts Full call number Barcode Date last seen Copy number Cost, replacement price Price effective from Koha item type
    Dewey Decimal Classification     Non-fiction Bawana Bawana 22/03/2024 DBAD 400.00   794.124 SAR EN-123432 22/03/2024 1 400.00 22/03/2024 English Books

© Delhi Public Library
Hit Counter
free hit counter